00782nam a2200181Ia 4500008004100000020001500041041001200056082001600068100002300084245007200107260005500179300000800234650001600242942000700258999001500265952016000280952016000440221030s9999 xx 000 0 und d a8122413374 aEnglish a105.23bYad aD. S. Yadav ( PR ) 0aFoundations of Information Technology ( PR )cby D. S. Yadav ( PR ) bNew Age International Ltd., New DelhiaIndiac2002 a382 aBE Computer cBK c3305d3305 pBE 5495g175.00l0o105.23 Yadr2022-10-30 00:00:00w2022-10-30yBK003Print4070aMIETLIBbMIETLIBcBL-Payment, FL-, CUP-0, SH-0, R-0d2002-06-1510HBE pBE 5496g175.00l0o105.23 Yadr2022-10-30 00:00:00w2022-10-30yBK003Print4070aMIETLIBbMIETLIBcBL-Payment, FL-, CUP-0, SH-0, R-0d2002-06-1510HBE